[Event "Open A"]
[Site "Prague CZE"]
[Date "2007.01.16"]
[Round "7"]
[White "Londyn,R"]
[Black "Karasek,L"]
[Result "1-0"]
[WhiteElo "2269"]
[BlackElo "2170"]

1.e4 c5 2.Nc3 Nc6 3.Nf3 e6 4.Bb5 Qc7 5.O-O d6 6.Re1 Bd7 7.Bxc6 bxc6 8.e5 d5
9.d3 Ne7 10.Ne2 Ng6 11.Nf4 Nxf4 12.Bxf4 h6 13.h4 Be7 14.Qd2 O-O-O 15.a3 Bxh4
16.Nxh4 g5 17.Nf3 gxf4 18.Qxf4 f5 19.b4 Rdg8 20.Nh2 Rg5 21.bxc5 Rhg8 22.g3 h5
23.Rab1 Kd8 24.Qh4 Ke8 25.Nf3 Rg4 26.Qxh5+ Kf8 27.Qh6+ R8g7 28.Rb4 Rg6 29.Qh8+ Rg8
30.Qh4  1-0

[Event "Corus C"]
[Site "Wijk aan Zee NED"]
[Date "2007.01.16"]
[Round "4"]
[White "Spoelman,W"]
[Black "Van der Wiel,J"]
[Result "1/2-1/2"]
[WhiteElo "2414"]
[BlackElo "2511"]

1.e4 c5 2.Nf3 Nc6 3.Nc3 g6 4.d4 cxd4 5.Nxd4 Bg7 6.Be3 Nf6 7.Bc4 O-O 8.Bb3 a5
9.O-O d6 10.h3 a4 11.Nxc6 bxc6 12.Bxa4 Nxe4 13.Bxc6 Nxc3 14.bxc3 Ra3 15.Bd4 e5
16.Be3 Rxc3 17.Bd5 Bf5 18.a4 Bxc2 19.Qd2 Qc7 20.Rac1 e4 21.a5 Bd3 22.Bb6 Qc8
23.Rfe1 Be5  1/2-1/2

[Event "5th Parsvnath Open"]
[Site "New Delhi IND"]
[Date "2007.01.20"]
[Round "8"]
[White "Venkatesh,M"]
[Black "Wajih,N"]
[Result "1-0"]
[WhiteElo "2486"]
[BlackElo "2286"]

1.e4 c5 2.Nf3 Nc6 3.Nc3 g6 4.Bb5 Bg7 5.O-O d6 6.e5 dxe5 7.Bxc6+ bxc6 8.Re1 f6
9.b3 Nh6 10.Qe2 O-O 11.Ba3 Rf7 12.Bxc5 Bg4 13.h3 Bxf3 14.Qxf3 f5 15.Rad1 e4
16.Qe3 Qc7 17.d4 Rd8 18.b4 Kh8 19.a4 g5 20.b5 g4 21.h4 Rg8 22.Ne2 g3 23.f3 exf3
24.Qxf3 cxb5 25.Nf4 e5 26.Ne6 e4 27.Qh5 Qd7 28.d5 Bc3 29.Qxh6 Rg6 30.Qf4  1-0

[Event "Open"]
[Site "Marianske Lazne CZE"]
[Date "2007.01.21"]
[Round "2"]
[White "Tchernyi,V"]
[Black "Cafolla,P"]
[Result "1-0"]
[WhiteElo "2236"]
[BlackElo "2053"]

1.e4 c5 2.Nf3 Nc6 3.Nc3 d6 4.Bb5 e5 5.O-O Nf6 6.d3 Be7 7.h3 O-O 8.a3 Nd4
9.Bc4 a6 10.Nd5 Be6 11.Nxf6+ Bxf6 12.c3 Nxf3+ 13.Qxf3 Bg5 14.Bxe6 Bxc1 15.Bd5 Bxb2
16.Rab1 Bxc3 17.Rxb7 Rb8 18.Rfb1 Rxb7 19.Rxb7 Qf6 20.Qxf6 gxf6 21.h4 Kg7
22.Kh2 Kg6 23.Kg3 f5 24.Rd7 f4+ 25.Kg4 h5+ 26.Kf3 a5 27.Rxd6+ Kg7 28.Rd7 Bb2
29.a4 Bc3 30.g3 fxg3 31.fxg3 Kf6 32.Rc7 Bb4 33.Rc6+ Kg7 34.g4 hxg4+ 35.Kxg4 f5+
36.exf5 Rf6 37.Rc7+ Kf8 38.Kg5 Rd6 39.Be6 Bc3 40.Bc4 Bd2+ 41.Kh5 Bb4 42.Kg5 Bd2+
43.Kh5 Bb4 44.Be6 Rxd3 45.f6 Rd8 46.Rf7+ Ke8 47.Re7+ Kf8 48.Rg7  1-0

[Event "ch-Kyiv"]
[Site "Kyiv UKR"]
[Date "2007.01.26"]
[Round "7"]
[White "Kernazhitsky,L"]
[Black "Solomaha,A"]
[Result "1-0"]
[WhiteElo "2345"]
[BlackElo "2305"]

1.e4 c5 2.Nc3 Nc6 3.Bb5 Nd4 4.Bc4 g6 5.Nf3 Bg7 6.Nxd4 cxd4 7.Qf3 e6 8.Nb5 Be5
9.c3 dxc3 10.d4 a6 11.dxe5 axb5 12.Bb3 b4 13.bxc3 bxc3 14.Qxc3 Qa5 15.Bd2 Qxc3
16.Bxc3 Ne7 17.Bb4 Rf8 18.O-O f6 19.f4 Rf7 20.Rac1 Nc6 21.Bd6 Nd4 22.Bc4 b5
23.Bd3 fxe5 24.fxe5 Bb7 25.Rxf7 Kxf7 26.a3 Bc6 27.Rb1 Ra4 28.Kf2 b4 29.Rxb4 Rxb4
30.Bxb4 Ba4 31.Bc5 Nc6 32.Bd6 Ke8 33.Ke3 Kd8 34.h4 Ne7 35.Kf4 Ke8 36.Kg5 Ng8
37.h5 Kf7 38.hxg6+ hxg6 39.Kf4 Ke8 40.Ke3 Kd8 41.Kd4 Ne7 42.Bxe7+ Kxe7 43.Kc5 Bc6
44.Bc2 Kd8 45.Kb6 Kc8 46.a4 Kb8 47.a5 Bb7 48.a6 Bc6 49.Bd3 Ka8 50.Kc7 g5
51.g3 Ka7 52.Kd8 Kb6 53.Be2 Kc5 54.Kc7 Bxe4 55.a7 Kd4 56.Ba6  1-0

[Event "ch-EST"]
[Site "Tallinn EST"]
[Date "2007.01.26"]
[Round "8"]
[White "Seeman,T"]
[Black "Soot,M"]
[Result "1-0"]
[WhiteElo "2425"]
[BlackElo "2096"]

1.e4 c5 2.Nc3 Nc6 3.Bb5 Nd4 4.Bc4 e6 5.Nge2 a6 6.a4 Qc7 7.d3 Nf6 8.O-O Be7
9.f4 d6 10.Kh1 Bd7 11.Be3 Nxe2 12.Qxe2 Bc6 13.Bb3 b6 14.f5 e5 15.Bg5 h6 16.Bxf6 Bxf6
17.Bd5 h5 18.Bxc6+ Qxc6 19.Nd5 Bg5 20.b4 cxb4 21.Nxb4 Qc5 22.Nd5 Rb8 23.Rfb1 h4
24.h3 Rb7 25.Rb4 O-O 26.Qh5 f6 27.Qe2 Rfb8 28.Rab1 Kh7 29.c3 Kh6 30.Rc4 Qa3
31.Rcb4 a5 32.Rb5 g6 33.fxg6 Kxg6 34.Qc2 Kf7 35.Nxb6 Rxb6 36.Rxb6 Rxb6 37.Rxb6 Kg6
38.Rb1 Qc5 39.Rf1 Qe3 40.Qd1 Qc5 41.Qe1 Kg7 42.g3 Qc8 43.Kg2 Kh6 44.gxh4 Bf4
45.Qe2 Qxc3 46.Kh1 d5 47.Rg1 dxe4 48.Qg4  1-0

[Event "Open"]
[Site "Moscow RUS"]
[Date "2007.01.27"]
[Round "1"]
[White "Chadaev,N"]
[Black "Kashlinskaya,A"]
[Result "1-0"]
[WhiteElo "2484"]
[BlackElo "2228"]

1.e4 c5 2.Nf3 Nc6 3.Nc3 e5 4.Bc4 Be7 5.d3 d6 6.O-O Nf6 7.Ng5 O-O 8.f4 Bg4
9.Qe1 exf4 10.Bxf4 h6 11.Nf3 Qd7 12.Qd2 Nh5 13.Bxh6 Bxf3 14.gxf3 gxh6 15.Qxh6 Ng7
16.Kh1 Qd8 17.Rg1 Bf6 18.Rxg7+ Bxg7 19.Rg1  1-0

[Event "Open"]
[Site "Moscow RUS"]
[Date "2007.01.27"]
[Round "1"]
[White "Geller,J"]
[Black "Girya,O"]
[Result "1/2-1/2"]
[WhiteElo "2490"]
[BlackElo "2235"]

1.e4 c5 2.Nf3 Nc6 3.Nc3 e5 4.Bc4 Be7 5.d3 d6 6.O-O Nf6 7.Ng5 O-O 8.f4 Bg4
9.Qe1 h6 10.Nf3 Bxf3 11.gxf3 Nh5 12.Nd5 Nd4 13.Qf2 Bh4 14.Qg2 b5 15.Bb3 exf4
16.Nxf4 Nxf4 17.Bxf4 Bg5 18.Bg3 Nxb3 19.axb3 a5 20.f4 Bf6 21.c3 Re8 22.Kh1 Bh4
23.Rf3 Kh8 24.Rg1 Rg8 25.d4 Ra7 26.Bxh4 Qxh4 27.Rg3 f6 28.Qf3 f5 29.exf5 Rf7
30.Rg6 Rxf5 31.Qg2 Qxf4 32.dxc5 dxc5 33.Rxg7 Rg5 34.Rxg8+ Kxg8 35.Qa8+ Kh7
36.Qb7+ Kg6 37.Re1 Rf5 38.Qc6+ Kg5 39.Qg2+ Kf6 40.Rd1 Qf3 41.Qxf3 Rxf3 42.Kg2 Rf5
43.Ra1 b4 44.Rxa5 Rd5 45.cxb4 Rd2+ 46.Kf3 cxb4 47.Rb5 Rd3+ 48.Ke4 Rxb3 49.Rf5+ Ke6
50.Rf2 Rh3 51.Kd4 b3 52.Kc4  1/2-1/2

[Event "Open"]
[Site "Moscow RUS"]
[Date "2007.01.27"]
[Round "1"]
[White "Amonatov,F"]
[Black "Nebolsina,V"]
[Result "1-0"]
[WhiteElo "2559"]
[BlackElo "2324"]

1.e4 c5 2.Nf3 Nc6 3.Nc3 e5 4.Bc4 Be7 5.d3 d6 6.O-O Nf6 7.Ng5 O-O 8.f4 Bg4
9.Qe1 h6 10.h3 Bh5 11.Nf3 Bxf3 12.Rxf3 Nh5 13.Ne2 exf4 14.Nxf4 Bh4 15.Qd1 Nxf4
16.Bxf4 Bf6 17.Qd2 Qe7 18.Raf1 Ne5 19.Bxe5 Qxe5 20.Rxf6 gxf6 21.Rf5 Qg3 22.Qxh6 Qg7
23.Qf4 Rae8 24.Rxf6 Re5 25.h4 Rh5 26.Kh2 Rh7 27.Kh3 Kh8 28.g4  1-0

[Event "Open"]
[Site "Moscow RUS"]
[Date "2007.01.27"]
[Round "1"]
[White "Onoprienko,V"]
[Black "Fedorov,Alex"]
[Result "0-1"]
[WhiteElo "2354"]
[BlackElo "2624"]

1.e4 c5 2.Nc3 Nc6 3.Nf3 g6 4.Bb5 Bg7 5.d3 Nd4 6.Bc4 e6 7.Nxd4 cxd4 8.Ne2 Ne7
9.O-O O-O 10.Bb3 f5 11.c3 Nc6 12.f4 dxc3 13.bxc3 b5 14.Be3 Na5 15.exf5 gxf5
16.Rf3 Rf6 17.Rg3 Bb7 18.Qe1 Rg6 19.Nd4 a6 20.Rxg6 hxg6 21.Qg3 Nxb3 22.axb3 Qf6
23.Re1 Rc8 24.c4 Ba8 25.Re2 bxc4 26.bxc4 Rb8 27.Ra2 Rb1+ 28.Kf2 Bb7 29.Ne2 Kf7
30.Qh3 Qd8 31.Qh7 Qg8 32.Qh3 d6 33.Nd4 Qh8 34.Qxh8 Bxh8 35.Nf3 e5 36.h3 Bf6
37.d4 e4 38.Ng5+ Ke7 39.g4 fxg4 40.hxg4 Rb4 41.Rc2 a5 42.f5 gxf5 43.gxf5 a4
44.d5 a3 45.Nxe4 Rb2 46.Rxb2 Bxb2 47.f6+ Kf7 48.c5 a2 49.c6 Ba6 50.Nxd6+ Kxf6
51.Ne4+ Ke5 52.d6 a1=Q 53.d7 Kxe4  0-1

[Event "Open"]
[Site "Moscow RUS"]
[Date "2007.01.28"]
[Round "2"]
[White "Kosov,Iv"]
[Black "Konovalov,N"]
[Result "1/2-1/2"]
[WhiteElo "2354"]
[BlackElo "2463"]

1.e4 c5 2.Nf3 Nc6 3.Nc3 Nf6 4.d4 cxd4 5.Nxd4 d6 6.f3 Nxd4 7.Qxd4 g6 8.Be3 Bg7
9.Qd2 O-O 10.Bc4 Be6 11.Bb3 Qa5 12.O-O Rfd8 13.Rfd1 Rac8 14.Nd5 Qxd2 15.Rxd2 Bxd5
16.exd5 Nd7 17.c3 a6 18.a4 Ne5 19.Bb6 Re8 20.Re1 Nc4 21.Bxc4 Rxc4 22.a5 Be5
23.g3 Rec8 24.f4 Bf6 25.Kf2 Kf8 26.Rde2 Ke8 27.Ke3 g5 28.f5 Be5 29.Kd3 Kf8
30.Re4 Rxe4 31.Rxe4 Kg7 32.Rb4 Kf6 33.Ke4 h5 34.Be3 Rc7 35.h4 g4 36.Bb6 Rd7
37.Bf2 e6 38.fxe6 fxe6 39.c4 exd5+ 40.Kxd5 Kg6 41.Be1 Rf7 42.c5 dxc5 43.Rb6+ Kf5
44.Rh6 Rd7+ 45.Kxc5 Rd1 46.Rxh5+ Ke4 47.Rg5 Rxe1 48.Rxg4+ Kf5 49.Rg5+ Kf6
50.Kb6 Ra1 51.b4 Bc3  1/2-1/2

[Event "12th HIT Open A"]
[Site "Nova Gorica SLO"]
[Date "2007.01.29"]
[Round "5"]
[White "Krivec,J"]
[Black "Kokol,P"]
[Result "1-0"]
[WhiteElo "2316"]
[BlackElo "2199"]

1.e4 c5 2.Nc3 Nc6 3.Bb5 Nd4 4.Bc4 e6 5.Nge2 Ne7 6.Nxd4 cxd4 7.Ne2 Nc6 8.d3 b5
9.Bb3 Bc5 10.O-O Na5 11.f4 Nxb3 12.axb3 f5 13.exf5 exf5 14.Ng3 O-O 15.Qf3 Qc7
16.Qd5+ Kh8 17.b4 Bxb4 18.Qxa8 Bb7 19.Qxa7 Qc6 20.Rf2 Ra8 21.Qxa8+ Bxa8 22.Nxf5 Bb7
23.Nxd4 Qb6 24.Be3 Bc5 25.c3 b4 26.f5 h6 27.f6 gxf6 28.Raf1 Kg7 29.Rxf6 Qxf6
30.Rxf6 Kxf6 31.Bxh6 Ba6 32.Be3 Bxd3 33.Kf2 bxc3 34.bxc3 Ba3 35.h4 Ke5 36.g4 Bb2
37.Bd2 Bxc3 38.Nf3+ Ke4 39.Bxc3 Kf4 40.Nh2 Bc2 41.h5 d5 42.Bd2+  1-0

[Event "12th HIT Open A"]
[Site "Nova Gorica SLO"]
[Date "2007.01.29"]
[Round "5"]
[White "Biti,O"]
[Black "Srebrnic,M"]
[Result "1-0"]
[WhiteElo "2395"]
[BlackElo "2281"]

1.e4 c5 2.Nc3 Nc6 3.Bb5 g6 4.Bxc6 dxc6 5.d3 Bg7 6.f4 Nf6 7.Nf3 O-O 8.O-O b6
9.Qe1 Bg4 10.Ne5 Qc7 11.Qh4 Be6 12.Nf3 Bg4 13.f5 Bxf3 14.Rxf3 Rad8 15.Bg5 Qe5
16.g4 Rd7 17.Kh1 Rfd8 18.Bf4 Qd4 19.Be3 Qe5 20.Rh3 c4 21.d4 Rxd4 22.Bxd4 Rxd4
23.Re1 b5 24.Qg3 Qxg3 25.Rxg3 b4 26.Na4 Nxe4 27.Rg2 Bf6 28.c3  1-0

[Event "12th HIT Open A"]
[Site "Nova Gorica SLO"]
[Date "2007.01.29"]
[Round "6"]
[White "Biti,O"]
[Black "Lenic,L"]
[Result "1/2-1/2"]
[WhiteElo "2395"]
[BlackElo "2517"]

1.e4 c5 2.Nc3 Nc6 3.Bb5 Nd4 4.Bc4 e6 5.Nge2 Ne7 6.Nxd4 cxd4 7.Ne2 Nc6 8.O-O Bc5
9.d3 Na5 10.a3 Nxc4 11.dxc4 e5 12.b4 Be7 13.c3 a5 14.Bb2 axb4 15.axb4 Rxa1
16.Bxa1 d3 17.Qxd3 d6 18.f4 O-O 19.Bb2 Bg4 20.Bc1 Qc7 21.f5 Bxe2 22.Qxe2 f6
23.Be3 Qc6 24.Qd3 Rc8 25.c5 dxc5 26.b5 Qc7 27.Qc4+ Kf8 28.Rd1 b6 29.Qe6 Rd8
30.Rd5 Rd6 31.Rxd6 Qxd6 32.Qxd6 Bxd6 33.Kf1 Bc7 34.c4 Kf7 35.Ke2 Bd8 36.Kf3 Be7
37.h3 Bd8  1/2-1/2

[Event "Open"]
[Site "Moscow RUS"]
[Date "2007.01.30"]
[Round "4"]
[White "Shaposhnikov,E"]
[Black "Konovalov,N"]
[Result "1-0"]
[WhiteElo "2554"]
[BlackElo "2463"]

1.e4 c5 2.Nc3 Nc6 3.Nge2 d6 4.d4 cxd4 5.Nxd4 Nf6 6.Bc4 Qb6 7.Nxc6 bxc6 8.O-O g6
9.Be3 Qxb2 10.Bd4 Qb4 11.Bxf6 exf6 12.Qd4 Ke7 13.Rab1 Qc5 14.Qxc5 dxc5 15.Nd5+ cxd5
16.Bxd5 Ba6 17.Bxa8 Bxf1 18.Kxf1 Bh6 19.Rb7+ Kd6 20.Rxa7 Rb8 21.Bb7 Bf4 22.g3 Be5
23.Ke2 Bd4 24.a4 Re8 25.f4 Rb8 26.Bd5 c4 27.Ra6+ Rb6 28.Rxb6+ Bxb6 29.Bxc4 Kc5
30.Bxf7 Kd4 31.Kf3 Ba5 32.h4 Be1 33.Bg8 h6 34.Bf7 g5 35.fxg5 fxg5 36.hxg5 hxg5
37.Bd5 Kc3 38.a5  1-0

[Event "Open"]
[Site "Moscow RUS"]
[Date "2007.01.30"]
[Round "4"]
[White "Girya,O"]
[Black "Moskalenko,A"]
[Result "0-1"]
[WhiteElo "2235"]
[BlackElo "2352"]

1.e4 c5 2.Nc3 Nc6 3.Nf3 g6 4.d4 cxd4 5.Nxd4 Bg7 6.Be3 Nf6 7.Nxc6 bxc6 8.e5 Ng8
9.Bd4 Qa5 10.Qe2 Rb8 11.Qe3 Nh6 12.Bc4 Nf5 13.Qf4 Rb4 14.g4 Rxc4 15.gxf5 c5
16.f6 Bh6 17.Qxh6 cxd4 18.O-O-O dxc3 19.Qg7 Rf8 20.fxe7 Kxe7 21.Qf6+ Ke8
22.Qf3 Qb4 23.Rd3 Qxb2+ 24.Kd1 Bb7  0-1

[Event "12th HIT Open A"]
[Site "Nova Gorica SLO"]
[Date "2007.01.30"]
[Round "7"]
[White "Srebrnic,M"]
[Black "Kokol,P"]
[Result "0-1"]
[WhiteElo "2281"]
[BlackElo "2199"]

1.e4 c5 2.Nc3 Nc6 3.Bb5 Nd4 4.Bc4 e6 5.d3 Nf6 6.e5 Ng8 7.Nf3 d5 8.exd6 Bxd6
9.O-O Ne7 10.Re1 O-O 11.Bg5 a6 12.Nxd4 cxd4 13.Ne4 Qc7 14.Nxd6 Qxd6 15.Qf3 Ng6
16.Bb3 Bd7 17.h4 h6 18.h5 Bc6 19.Qg4 Ne5 20.Qg3 Nf3+ 21.gxf3 Qxg3+ 22.fxg3 hxg5
23.Kf2 Kh7 24.Re5 Kh6 25.g4 Rad8 26.Rae1 Rd6 27.Kg3 Bd7 28.Rc5 Bc6 29.a3 f6
30.Rxe6 Rxe6 31.Bxe6 Re8 32.Bf5 Re3 33.Be4 Bxe4 34.dxe4 Re2 35.Rc8 Kh7 36.b3 b5
37.Rc6 a5 38.Rc5 Kg8 39.Rxb5 Rxc2 40.Rxa5 Rc3 41.b4 d3 42.Kf2 d2 43.Ra8+ Kf7
44.Ke2 Rd3 45.Kd1 Ke6 46.b5 Ke5 47.b6 Rb3 48.Ra6 Rb2 49.Ke2 Kd4 50.Ra7  0-1

[Event "Open"]
[Site "Moscow RUS"]
[Date "2007.01.31"]
[Round "5"]
[White "Nakhapetiane,P"]
[Black "Kashlinskaya,A"]
[Result "1-0"]
[WhiteElo "2408"]
[BlackElo "2228"]

1.e4 c5 2.Nf3 Nc6 3.Nc3 e5 4.Bc4 Be7 5.d3 d6 6.O-O Nf6 7.Ng5 O-O 8.f4 Bg4
9.Qd2 h6 10.Nf3 Bxf3 11.gxf3 Nh5 12.fxe5 Bg5 13.f4 Nxf4 14.Rxf4 dxe5 15.Rxf7 Rxf7
16.Qf2 Bxc1 17.Qxf7+ Kh8 18.Ne2 Bxb2 19.Rb1 Nd4 20.Ng3 Qg5 21.Kg2 Qd2+ 22.Kh3 Qxc2
23.Rxb2 Qxb2 24.Nh5 Nf5 25.exf5 e4 26.f6  1-0

[Event "Zima Rating Tournament"]
[Site "St Petersburg RUS"]
[Date "2007.01.31"]
[Round "3"]
[White "Egorova,Ek"]
[Black "Bobrov,V"]
[Result "1-0"]
[WhiteElo "2132"]
[BlackElo "2289"]

1.e4 c5 2.Nf3 Nc6 3.Nc3 d6 4.d4 cxd4 5.Nxd4 e5 6.Ndb5 a6 7.Na3 Be6 8.Nc4 b5
9.Ne3 Nf6 10.Bd3 Be7 11.Ncd5 O-O 12.c3 g6 13.a4 Bxd5 14.Nxd5 b4 15.Nxe7+ Qxe7
16.Bg5 a5 17.O-O Kh8 18.Qe2 Nh5 19.Bc4 Qe8 20.Rad1 bxc3 21.bxc3 Nd8 22.Rxd6 Qxa4
23.Be7 Rg8 24.Bd5 Rb8 25.Qf3 Qc2 26.Bf6+ Ng7 27.Bxe5 Ne6 28.Bxe6 fxe6 29.Rd7  1-0

[Event "12th HIT Open A"]
[Site "Nova Gorica SLO"]
[Date "2007.02.01"]
[Round "9"]
[White "Biti,O"]
[Black "Bozinovic,Bob"]
[Result "1-0"]
[WhiteElo "2395"]
[BlackElo "2137"]

1.e4 c5 2.Nc3 Nc6 3.Bb5 g6 4.Bxc6 dxc6 5.d3 Bg7 6.f4 e6 7.Nf3 Ne7 8.O-O O-O
9.Qe1 f6 10.Be3 b6 11.g4 a5 12.Qf2 e5 13.fxe5 fxe5 14.Qh4 h5 15.Bg5 Ra7 16.Qg3 Qd6
17.Nh4 Kh7 18.Rxf8 Bxf8 19.Rf1 Ng8 20.Bf6 Ne7 21.Bxe5 Qd8 22.Qf2  1-0

[Event "2nd GM"]
[Site "Soller ESP"]
[Date "2007.02.06"]
[Round "2"]
[White "Carlsson,P"]
[Black "Llaneza Vega,M"]
[Result "1-0"]
[WhiteElo "2492"]
[BlackElo "2427"]

1.e4 c5 2.Nc3 Nc6 3.Nf3 Nf6 4.d4 cxd4 5.Nxd4 e5 6.Ndb5 d6 7.Bg5 a6 8.Na3 b5
9.Nd5 Be7 10.Bxf6 Bxf6 11.c3 Ne7 12.Nxf6+ gxf6 13.Bd3 d5 14.Qe2 d4 15.cxd4 Qxd4
16.O-O Rg8 17.Kh1 Ng6 18.Nc2 Qa7 19.g3 Bh3 20.Rg1 Rd8 21.Nb4 Ne7 22.Rad1 Bd7
23.a4 Rb8 24.axb5 axb5 25.Ra1 Qb7 26.Rgc1 Rd8 27.Qe3 Nf5 28.Qc5 Ne7 29.Ra7 Qc8
30.Rc7 Qa8 31.Ra7 Qc8 32.Rxd7 Kxd7 33.Qa7+  1-0

[Event "ch-UKR U20"]
[Site "Lviv UKR"]
[Date "2007.02.07"]
[Round "8"]
[White "Onischuk,V"]
[Black "Lots,S"]
[Result "0-1"]
[WhiteElo "2469"]
[BlackElo "2346"]

1.e4 c5 2.Nc3 Nc6 3.Nge2 e6 4.g3 g6 5.d4 cxd4 6.Nxd4 d6 7.Bg2 a6 8.O-O Bg7
9.Nde2 Nge7 10.a4 O-O 11.Rb1 Rb8 12.Bf4 e5 13.Be3 b5 14.axb5 axb5 15.Nd5 Nxd5
16.Qxd5 Nd4 17.Nxd4 exd4 18.Bf4 Rb6 19.Qb3 b4 20.Bd2 Be6 21.Qd3 Qc7 22.b3 Rc8
23.Rfc1 Qc5 24.Ra1 h5 25.Ra2 Bd7 26.h3 Bb5 27.Qf3 d5 28.e5 Re6 29.Bf1 Bxf1
30.Rxf1 Rxe5 31.Qd3 h4 32.g4 Re4 33.Kg2 Rce8 34.Ra4 Re2 35.Rfa1 Kh7 36.Ra8 R8e4
37.Kf1 Qe7 38.Kg2 Qe5 39.Kg1 Qf6 40.Rf1 Qe6 41.Bxb4 Bh6 42.Ra7 Qf6 43.Ba5 Bf4
44.Bc7 Bxc7 45.Rxc7 Qf4 46.Rd7 Kg7 47.Rxd5 R2e3  0-1

[Event "TCh-BEL 2006-7"]
[Site "Belgium BEL"]
[Date "2007.02.08"]
[Round "7"]
[White "Motwani,P"]
[Black "Wiersma,E"]
[Result "1-0"]
[WhiteElo "2505"]
[BlackElo "2406"]

1.e4 c5 2.Nc3 Nc6 3.Bb5 Nd4 4.Nf3 Nxb5 5.Nxb5 a6 6.Nc3 e6 7.d4 cxd4 8.Qxd4 Ne7
9.Bf4 Nc6 10.Qd3 Be7 11.O-O-O O-O 12.e5 b5 13.h4 f6 14.exf6 gxf6 15.Bd6 Bxd6
16.Qxd6 Qe7 17.Ne4 Ra7 18.h5 Qxd6 19.Nxd6 Bb7 20.Rh3 Ne7 21.Nd4 Nc8 22.Rg3+ Kh8
23.Nxe6  1-0

[Event "5th I Platonov Mem"]
[Site "Kyiv UKR"]
[Date "2007.02.08"]
[Round "7"]
[White "Simonian,H"]
[Black "Lutsko,I"]
[Result "1-0"]
[WhiteElo "2384"]
[BlackElo "2438"]

1.e4 c5 2.Nc3 Nc6 3.Bb5 Nd4 4.Bc4 e6 5.Nge2 Nf6 6.O-O a6 7.a4 Nc6 8.d4 cxd4
9.Nxd4 Qc7 10.Nxc6 bxc6 11.Qe2 Be7 12.Bg5 d5 13.Bxf6 gxf6 14.exd5 cxd5 15.Bxd5 exd5
16.Nxd5 Qc5 17.Qe4 Ra7 18.b4 Qd6 19.Rad1 Qe5 20.Qc4 Be6 21.Rfe1 Qb8 22.Qc3 Rg8
23.Nxf6+ Bxf6 24.Qxf6 Re7 25.Rd4 Qb7 26.g3 Qc6 27.Red1 Rd7 28.Rxd7 Bxd7 29.Rd6 Qc4
30.Qe5+ Be6 31.Rd4 Qc8 32.c4 Kf8 33.Qf6 Bd7 34.Qd6+ Ke8 35.Qe5+ Kf8 36.Qd6+ Ke8
37.Re4+ Be6 38.f4 Qd7 39.Qb8+ Qd8 40.Qe5 Kf8 41.f5 Bc8 42.f6 Rg4 43.Qc5+ Kg8
44.Rxg4+ Bxg4 45.Qg5+ Kf8 46.Qg7+ Ke8 47.Qg8+ Kd7 48.Qxg4+ Kc7 49.Qf4+ Kc8
50.Qf5+ Kb8 51.Qe5+ Kc8 52.Qc5+ Kb8 53.Qf2 Qd1+ 54.Kg2 Qxa4 55.Qb6+ Kc8 56.Qc5+ Kd7
57.Qe7+ Kc8 58.Qf8+  1-0

[Event "5th I Platonov Mem"]
[Site "Kyiv UKR"]
[Date "2007.02.09"]
[Round "8"]
[White "Simonian,H"]
[Black "Shishkin,Va UKR"]
[Result "1-0"]
[WhiteElo "2384"]
[BlackElo "2474"]

1.e4 c5 2.Nc3 Nc6 3.Bb5 g6 4.Bxc6 bxc6 5.d3 d6 6.Nge2 Bg7 7.Bd2 f5 8.exf5 Bxf5
9.Qc1 Rb8 10.O-O Nf6 11.Rb1 O-O 12.Bh6 e5 13.Bxg7 Kxg7 14.Ng3 Nd5 15.Nce2 Qh4
16.b3 Rbe8 17.Qd2 Rf7 18.Rbe1 Qb4 19.Qc1 Re6 20.Nxf5+ gxf5 21.c4 Nc7 22.f4 e4
23.dxe4 fxe4 24.f5 Re8 25.Qg5+ Kh8 26.Qh6 d5 27.Nf4 e3 28.Ne6 Qc3 29.Ng5 Kg8
30.Nxf7 Kxf7 31.Qxh7+ Qg7 32.Qh5+ Kf8 33.f6  1-0

[Event "2nd GM"]
[Site "Soller ESP"]
[Date "2007.02.09"]
[Round "6"]
[White "Larino Nieto,D"]
[Black "Llaneza Vega,M"]
[Result "1/2-1/2"]
[WhiteElo "2450"]
[BlackElo "2427"]

1.e4 c5 2.Nc3 Nc6 3.Nf3 Nf6 4.Bb5 Qc7 5.O-O Nd4 6.Re1 a6 7.Bc4 d6 8.Nd5 Nxd5
9.exd5 Bg4 10.a3 g6 11.c3 Nxf3+ 12.gxf3 Bf5 13.d4 Bg7 14.Bg5 O-O 15.Rxe7 Qb6
16.dxc5 Qxb2 17.Rc1 Rac8 18.Re2 Qxa3 19.c6 bxc6 20.Be7 g5  1/2-1/2

[Event "TCh-FIN 2006-7"]
[Site "Turku FIN"]
[Date "2007.02.10"]
[Round "7"]
[White "Sorsa,N"]
[Black "Laitinen,M"]
[Result "1/2-1/2"]
[WhiteElo "2244"]
[BlackElo "1968"]

1.e4 c5 2.Nf3 Nc6 3.Nc3 Nf6 4.d4 cxd4 5.Nxd4 e5 6.Ndb5 d6 7.Bg5 a6 8.Na3 b5
9.Bxf6 gxf6 10.Nd5 Bg7 11.Bd3 Ne7 12.Nxe7 Qxe7 13.O-O f5 14.exf5 Bb7 15.Qg4 Bf6
16.c4 h5 17.Qe2 e4 18.Rae1 Kf8 19.Bxe4 Re8 20.f3 Bh4 21.g3 Rg8 22.Qf2 Qc7
23.Bxb7 Rxe1 24.Rxe1 Qxb7 25.Qd4 Bd8 26.Qxd6+ Kg7 27.Qd3 Bf6 28.cxb5 Rd8
29.Qe2 Rd7 30.Kg2 axb5 31.Rd1 Re7 32.Qxb5 Qc8 33.Nc4 Re2+ 34.Kh3 Be5 35.Rd7 Bb8
36.Qd5 Qe8 37.Qd4+ Kh6 38.Qd5 Rxh2+ 39.Kxh2 Qe2+ 40.Kg1 Qe1+ 41.Kg2 Qe2+
42.Kg1 Qe1+ 43.Kg2  1/2-1/2

[Event "II Int Open"]
[Site "Morelia MEX"]
[Date "2007.02.15"]
[Round "1"]
[White "Galvan Llop,R"]
[Black "Dominguez Aguilar,G"]
[Result "0-1"]
[WhiteElo "2047"]
[BlackElo "2376"]

1.e4 c5 2.Nc3 Nc6 3.Nf3 d6 4.d4 cxd4 5.Nxd4 Nf6 6.Be2 e5 7.Nb3 Be7 8.Be3 O-O
9.Qd2 a5 10.Rd1 a4 11.Nc1 a3 12.bxa3 Rxa3 13.Nb5 Nxe4 14.Qd5 Ra4 15.f3 Be6
16.Qd3 Qa5+ 17.c3 Bc4 18.Qb1 Bxb5 19.fxe4 Nd4 20.Bxd4 Bxe2 21.Kxe2 exd4 22.cxd4 Bf6
23.Qd3 Rxd4 24.Qxd4 Bxd4 25.Rxd4 Qh5+ 26.Ke3 Rc8 27.Rxd6 Qg5+ 28.Kf3 f5 29.Nd3 fxe4+
30.Kxe4 Qxg2+  0-1

[Event "Aeroflot Open"]
[Site "Moscow RUS"]
[Date "2007.02.16"]
[Round "3"]
[White "Safarli,E"]
[Black "Korotylev,A"]
[Result "0-1"]
[WhiteElo "2445"]
[BlackElo "2615"]

1.e4 c5 2.Nf3 Nc6 3.Nc3 d6 4.d4 cxd4 5.Nxd4 Nf6 6.Bc4 Qb6 7.Nb3 e6 8.Bf4 Ne5
9.Be2 Bd7 10.Qd2 a6 11.O-O-O Qc7 12.f3 b5 13.a3 Be7 14.g4 Rb8 15.h4 Nc4 16.Qe1 O-O
17.g5 Ne8 18.Rg1 g6 19.h5 Ng7 20.h6 Nh5 21.Bh2 Rfc8 22.f4 a5 23.Bxh5 b4 24.Be2 Nxb2
25.Kxb2 bxc3+ 26.Ka2 a4 27.Rd4 axb3+ 28.cxb3 d5 29.exd5 Qa7 30.d6 Qxd4 31.dxe7 Rxb3  0-1

[Event "4th ch-Mediterranean"]
[Site "Cannes FRA"]
[Date "2007.02.18"]
[Round "1"]
[White "Krivec,J"]
[Black "Messina,R"]
[Result "1-0"]
[WhiteElo "2316"]
[BlackElo "1834"]

1.e4 c5 2.Nc3 Nc6 3.Bb5 e6 4.Nf3 d6 5.O-O Be7 6.e5 d5 7.Bxc6+ bxc6 8.d3 Rb8
9.b3 Ba6 10.Qe2 h5 11.Na4 Nh6 12.Be3 Qa5 13.Qe1 Qxe1 14.Rfxe1 d4 15.Bc1 Bb5
16.Nb2 Nf5 17.a4 Ba6 18.Nc4 Bxc4 19.dxc4 O-O 20.Rd1 Rfd8 21.Ne1 d3 22.Nxd3 Nd4
23.Ra2 Ne2+ 24.Kf1 Nc3 25.Ra1 Nxd1 26.Ke1 Nc3 27.f3 Rd7 28.Kd2 Nxa4 29.Rxa4 Bg5+
30.Kd1 Bxc1 31.Kxc1 Rbd8 32.Ra6 Rc7 33.Nxc5 Kh7 34.Nd3 Kg6 35.Kd2 Kf5 36.Ke3 g5
37.h3 g4 38.hxg4+ hxg4 39.Ra1 Rf8 40.f4 Rh8 41.Ra6 Rh1 42.Nb4 c5 43.Nd3 Rh2
44.Kf2 Rh1 45.Ke3 Rh8 46.Ra5 Rhc8 47.Ra6 Rb8 48.Ra5 Rbc8 49.Nf2 Rh8 50.Nd3 Rhc8
51.Nf2 Rh8 52.Ne4 Rh2 53.Nd6+ Kg6 54.Kf2 Rh1 55.Ra2 Rc1 56.Kg3 Kh5 57.Ne4 Re1
58.Nf6+ Kg6 59.Kxg4 Re2 60.Kf3 Rd2 61.Ne4 Rd8 62.Ra5 Rdc8 63.Nd6 Rd8 64.g4 Rh8
65.f5+ exf5 66.gxf5+ Kg7 67.Ke4 Rh4+ 68.Kf3 Rh8 69.Kf4 Rd8 70.Ne4 Rdc8 71.e6 fxe6
72.fxe6 Kg6 73.Ke5 Rh7 74.Nxc5 Rhc7 75.Nd7 Re8 76.Kd6 Rcc8 77.Ra6 Kg7 78.c5 Kg8
79.c6 Kg7 80.b4 Kg8 81.b5 Kg7 82.Ra1 Kg6 83.e7  1-0

[Event "US Amateur Team East"]
[Site "Parsippany USA"]
[Date "2007.02.18"]
[Round "3"]
[White "Smith,Dan"]
[Black "Balasubramanian,A"]
[Result "0-1"]
[WhiteElo "2106"]
[BlackElo "1928"]

1.e4 c5 2.Nf3 Nc6 3.Nc3 e5 4.Bc4 Be7 5.d3 Nf6 6.Ng5 O-O 7.f4 d5 8.exd5 Nd4
9.fxe5 Bg4 10.exf6 Bxd1 11.fxe7 Qxe7+ 12.Kxd1 Qd7 13.Re1 b5 14.Bb3 Qg4+ 15.Ne2 Nxe2
16.Rxe2 Rae8 17.Ne4 c4 18.h3 Qh5 19.Be3 cxb3 20.axb3 Qxd5 21.Nc3 Qh5 22.Kd2 b4
23.Ne4 f5 24.g4 fxg4 25.hxg4 Qd5 26.Bxa7 Ra8 27.Ra4 Rf1 28.Ng3 Rf7 29.Be3 Rc8
30.Rxb4 Qd6 31.Re4 Qxg3 32.Bd4 Qc7 33.Bc3 Rcf8 34.Bb4 Rf2 35.Bxf8 Rxe2+ 36.Rxe2 Kxf8
37.Re4 g6 38.b4 Qb6 39.Kc3 h5 40.gxh5 gxh5 41.Kb3 Qd8 42.Re5 h4 43.b5 Qc7
44.d4 h3 45.c4 h2 46.Rh5 Qg3+ 47.Kb4 Qe1+ 48.Kc5 h1=Q 49.Rxh1 Qxh1 50.d5 Ke7
51.b6 Kd7 52.b4 Kc8 53.Kc6 Qh6+ 54.Kb5 Qh5 55.Ka5 Kb7 56.Kb5 Qe8+ 57.Kc5 Qd8
58.d6 Qxb6+ 59.Kd5 Qc6+ 60.Ke6 Qxc4+ 61.Ke7 Qxb4  0-1

[Event "Meurthe et Moselle IM"]
[Site "Nancy FRA"]
[Date "2007.02.19"]
[Round "1"]
[White "Bakalarz,M"]
[Black "Woehrel,H"]
[Result "1-0"]
[WhiteElo "2378"]
[BlackElo "2166"]

1.e4 c5 2.Nc3 Nc6 3.Bb5 g6 4.Bxc6 dxc6 5.d3 Bg7 6.Be3 b6 7.Qd2 e5 8.f4 exf4
9.Bxf4 Qe7 10.Nf3 h6 11.O-O g5 12.Bg3 Bg4 13.e5 O-O-O 14.Ne4 Kb7 15.b4 f5
16.Nd6+ Ka8 17.h3 f4 18.hxg4 fxg3 19.bxc5 h5 20.Nf5 Qc7 21.Qxg5 hxg4 22.Qxg7 Qxg7
23.Nxg7 Rd7 24.Nf5 gxf3 25.Rxf3 Nh6 26.e6 Rd5 27.Nxh6 Rxh6 28.e7 Rh8  1-0